Salles de concerts Nantes - Statistiques

Statistiques générales
  • Ce quiz a été pris 32 fois
  • Le résultat moyen est 3 sur 10
Statistiques - réponses
Réponse % Correct
Zénith
90%
Stéréolux
48%
La cité des congrès
45%
Warehouse
41%
Le Ferailleur
31%
La Carrière
24%
Décadanse
10%
Macadam
7%
Le Barkason
3%
Trempolino
3%
Aucun quiz correspondant
Distribution des résultats
% des personnes avec chaque résultat
Percentile par nombre de réponses
Votre historique - résultats
Vous n’avez pas pris ce quiz